[Event "I C.to Europeo seniores"]
[Site "Saint Vincent - Chatillon ITA"]
[Date "2001.09.21"]
[Round "7"]
[White "Vaisman, Volodia"]
[Black "Giani, Franco"]
[Result "1-0"]
[WhiteElo "2398"]
[BlackElo "2151"]
[PlyCount "57"]
[EventDate "2001.09.15"]

1.d4 d6 2.e4 g6 3.Nf3 Bg7 4.c3 Nf6 5.Bd3 O-O 6.O-O c6 7.Re1 Qc7 8.a4 a5 9.
Na3 Nbd7 10.Bc2 b6 11.h3 Re8 12.Bb3 Rf8 13.Bf4 Ba6 14.Bh2 Rad8 15.e5 dxe5 
16.dxe5 Nxe5 17.Bxe5 Qc8 18.Qc1 e6 19.Bc4 Bb7 20.Qf4 Nd5 21.Qh4 f6 22.Bh2 
Kh8 23.Rad1 Qd7 24.Bd3 Qf7 25.Nc4 e5 26.Ncxe5 fxe5 27.Ng5 Qxf2+ 28.Qxf2 
Rxf2 29.Kxf2 1-0

[Event "I C.to Europeo seniores"]
[Site "Saint Vincent - Chatillon ITA"]
[Date "2001.09.21"]
[Round "7"]
[White "Vucenovic, Dragomir"]
[Black "Semasev, Kim"]
[Result "1-0"]
[WhiteElo "2275"]
[BlackElo "2300"]
[PlyCount "59"]
[EventDate "2001.09.15"]

1.d4 Nf6 2.g3 d5 3.Bg2 c6 4.Nf3 Bf5 5.O-O Nbd7 6.Nbd2 e6 7.b3 Be7 8.Bb2 
O-O 9.c4 Ne4 10.a3 a5 11.Re1 Re8 12.Rc1 Rc8 13.Nf1 Qb6 14.N3d2 c5 15.cxd5 
exd5 16.Ne3 Nxd2 17.Qxd2 Be6 18.Nxd5 Bxd5 19.Bxd5 Nf6 20.Bc4 cxd4 21.Bxd4 
Qd6 22.Qb2 Qxa3 23.Bxf6 gxf6 24.Qb1 Qb4 25.Red1 Kg7 26.Rd4 Rc5 27.Rcd1 
Rec8 28.Qe4 f5 29.Qxe7 Rxc4 30.Qg5+ 1-0

[Event "I C.to Europeo seniores"]
[Site "Saint Vincent - Chatillon ITA"]
[Date "2001.09.23"]
[Round "9"]
[White "Cibulka, Vladimir"]
[Black "Dotan, Valeria"]
[Result "1-0"]
[WhiteElo "2321"]
[BlackElo "2031"]
[PlyCount "175"]
[EventDate "2001.09.15"]

1.d4 e6 2.Nf3 c5 3.c3 b6 4.Bf4 Bb7 5.e3 Nf6 6.Be2 Be7 7.h3 O-O 8.O-O d6 9.
a4 Nc6 10.Nbd2 d5 11.Ne5 Nd7 12.Ndf3 Ndxe5 13.Nxe5 f6 14.Nxc6 Bxc6 15.Bd3 
c4 16.Bc2 Be8 17.e4 Bg6 18.exd5 Bxc2 19.Qxc2 Qxd5 20.Rfe1 Rae8 21.Re3 Bd6 
22.Bxd6 Qxd6 23.Rae1 Qd5 24.f4 g6 25.g4 Kf7 26.h4 h5 27.g5 Qf5 28.Qxf5 
gxf5 29.g6+ Kxg6 30.Rxe6 Rxe6 31.Rxe6 Kf7 32.Rc6 Rg8+ 33.Kf2 Rg4 34.Kf3 
Rxh4 35.Rxc4 Rg4 36.Rc7+ Kg6 37.Rxa7 h4 38.Ra8 Kf7 39.a5 bxa5 40.Rxa5 Rg3+
41.Kf2 Rg4 42.Rxf5 Kg6 43.Ra5 Rxf4+ 44.Kg2 f5 45.Ra8 Rg4+ 46.Kf3 Kf6 47.
Rf8+ Ke6 48.Re8+ Kf6 49.Rh8 Rg3+ 50.Kf4 Rg4+ 51.Ke3 Rg3+ 52.Kf2 Rg4 53.
Rh6+ Kf7 54.Kf3 Kg7 55.Re6 Kf7 56.d5 Rg3+ 57.Kf4 Rd3 58.Rh6 Rxd5 59.Rxh4 
Rc5 60.Rh6 Kg7 61.Rb6 Kf7 62.Rb4 Ke6 63.c4 Kd6 64.b3 Kc7 65.Ra4 Kb7 66.Ra1
Kb6 67.Ra8 Kc7 68.Ra6 Kb7 69.Rf6 Ra5 70.Rxf5 Ra1 71.Ke4 Rb1 72.Rb5+ Kc6 
73.Kd4 Rc1 74.Rh5 Rd1+ 75.Kc3 Rg1 76.Rh6+ Kc7 77.Kb4 Rg5 78.c5 Rg3 79.Kc4 
Kb7 80.b4 Rg4+ 81.Kb5 Kc7 82.Rh7+ Kc8 83.c6 Kb8 84.Kc5 Kc8 85.b5 Rg8 86.
Kb6 Kb8 87.Rb7+ Kc8 88.Ra7 1-0

[Event "I C.to Europeo seniores"]
[Site "Saint Vincent - Chatillon ITA"]
[Date "2001.09.23"]
[Round "9"]
[White "Csom, Istvan"]
[Black "Orev, Petar"]
[Result "1-0"]
[WhiteElo "2415"]
[BlackElo "2245"]
[PlyCount "103"]
[EventDate "2001.09.15"]

1.c4 c5 2.Nf3 Nc6 3.g3 g6 4.Bg2 Bg7 5.O-O e6 6.d3 Nge7 7.Nbd2 d5 8.Rb1 O-O
9.a3 a5 10.b3 Bd7 11.e3 Qb8 12.Bb2 Qd6 13.Bxg7 Kxg7 14.Qc1 b6 15.Qb2+ f6 
16.Rfc1 Rad8 17.cxd5 exd5 18.d4 cxd4 19.Nxd4 Nxd4 20.Qxd4 Be6 21.b4 Nf5 
22.Qb2 a4 23.Nf3 Rc8 24.Bf1 Bd7 25.Rd1 Ne7 26.Nd4 h5 27.Bg2 Qe5 28.Qd2 Rc4
29.Rbc1 Rfc8 30.Rxc4 Rxc4 31.Bf1 Rc8 32.Rc1 Rxc1 33.Qxc1 g5 34.f4 gxf4 35.
gxf4 Qe4 36.Bg2 Qd3 37.Kf2 Nf5 38.Bf1 Qe4 39.Bg2 Qd3 40.Bf1 Qe4 41.Nf3 d4 
42.exd4 Nxd4 43.Nxd4 Qxd4+ 44.Qe3 Qd6 45.Bd3 Bc6 46.Kg3 Qd7 47.Be2 Qf5 48.
Bf1 Qg6+ 49.Kf2 Qc2+ 50.Qe2 Qf5 51.Qe7+ Kh6 52.Ke3 1-0

[Event "I C.to Europeo seniores"]
[Site "Saint Vincent - Chatillon ITA"]
[Date "2001.09.23"]
[Round "9"]
[White "Khanukov, Boris"]
[Black "Perman, Torvald"]
[Result "1-0"]
[WhiteElo "2313"]
[BlackElo "2130"]
[PlyCount "97"]
[EventDate "2001.09.15"]

1.d4 Nf6 2.c4 e6 3.Nc3 Bb4 4.Qc2 O-O 5.a3 Bxc3+ 6.Qxc3 b6 7.Bg5 Bb7 8.f3 
d5 9.e3 h6 10.Bh4 c5 11.dxc5 bxc5 12.Bxf6 Qxf6 13.Qxf6 gxf6 14.O-O-O Nd7 
15.cxd5 exd5 16.Nh3 Nb6 17.Bd3 Rfe8 18.Rhe1 Re5 19.Nf2 Kg7 20.Kd2 h5 21.
Rc1 Rc8 22.h4 Nd7 23.Bb5 Bc6 24.Bxc6 Rxc6 25.Nd3 Re8 26.Nf4 Rb6 27.Rc2 Rd6
28.Nxh5+ Kf8 29.Nf4 c4 30.Kd1 Rb8 31.Rd2 Ne5 32.Ree2 Ng6 33.Nxd5 Nxh4 34.
e4 Ng6 35.f4 Rb3 36.Kc2 Rc6 37.Rf2 Ne7 38.Rf3 Nxd5 39.exd5 Rcb6 40.Rxb3 
Rxb3 41.Rd4 Rg3 42.Rxc4 Ke7 43.Rc7+ Kd6 44.Rxf7 Kxd5 45.Rxf6 Kc4 46.Rc6+ 
Kb5 47.Rd6 Rxg2+ 48.Rd2 Rg7 49.Rf2 1-0

[Event "I C.to Europeo seniores"]
[Site "Saint Vincent - Chatillon ITA"]
[Date "2001.09.23"]
[Round "9"]
[White "Kraidman, Yair"]
[Black "Hocevar, Nikola"]
[Result "1-0"]
[WhiteElo "2322"]
[BlackElo "2169"]
[PlyCount "73"]
[EventDate "2001.09.15"]

1.d4 d5 2.Nf3 Nf6 3.c4 c6 4.e3 Nbd7 5.Nc3 g6 6.cxd5 cxd5 7.Bd2 Bg7 8.Qb3 
Qb6 9.Bb5 O-O 10.Na4 Qe6 11.Rc1 a6 12.Bxd7 Nxd7 13.O-O b5 14.Nc5 Qf5 15.
Ba5 Nxc5 16.Rxc5 Be6 17.h3 Rfc8 18.Bc7 Bf6 19.Rfc1 g5 20.Be5 Rxc5 21.Rxc5 
h5 22.Bxf6 exf6 23.Qc2 Qxc2 24.Rxc2 Kf8 25.Rc5 b4 26.h4 gxh4 27.Nxh4 Ke7 
28.f3 Kd6 29.g3 f5 30.Ng2 f6 31.Nf4 Bf7 32.Ra5 Rc8 33.Nd3 Rc2 34.Rxa6+ Ke7
35.Rb6 Re2 36.Nxb4 Rxe3 37.Kf2 1-0

[Event "I C.to Europeo seniores"]
[Site "Saint Vincent - Chatillon ITA"]
[Date "2001.09.23"]
[Round "9"]
[White "Laco, Giuseppe"]
[Black "Gruzmann, Boris"]
[Result "1/2-1/2"]
[WhiteElo "2167"]
[BlackElo "2308"]
[PlyCount "110"]
[EventDate "2001.09.15"]

1.c4 e5 2.Nc3 Nf6 3.Nf3 Nc6 4.a3 d5 5.cxd5 Nxd5 6.Qc2 Be6 7.e4 Nb6 8.Bb5 
f6 9.Ne2 Qd6 10.d4 exd4 11.Nfxd4 Bd7 12.Bxc6 bxc6 13.Bf4 Qc5 14.Qxc5 Bxc5 
15.Bxc7 Nc4 16.b4 Be7 17.Nc2 c5 18.Nc3 Rc8 19.Nd5 Ba4 20.Nce3 Nxe3 21.fxe3
Bc2 22.Nxe7 Kxe7 23.Rc1 Rxc7 24.Rxc2 Rhc8 25.Kf2 cxb4 26.Rxc7+ Rxc7 27.
axb4 Kd7 28.Rd1+ Ke6 29.Kf3 Rb7 30.Ra1 h5 31.Ra6+ Ke5 32.Ra5+ Ke6 33.h4 g6
34.Kf4 Rxb4 35.Ra6+ Rb6 36.Rxa7 Rb2 37.Kf3 g5 38.hxg5 fxg5 39.Rh7 h4 40.
Rh6+ Kf7 41.Rd6 g4+ 42.Kxg4 Rxg2+ 43.Kxh4 Ke7 44.Ra6 Rg1 45.Kh3 Re1 46.Ra3
Rg1 47.Kh2 Rg4 48.Ra4 Ke6 49.Kh3 Rg1 50.Ra8 Re1 51.Re8+ Kf7 52.Re5 Rxe3+ 
53.Kg4 Re1 54.Kf4 Rf1+ 55.Ke3 Rd1 1/2-1/2

[Event "I C.to Europeo seniores"]
[Site "Saint Vincent - Chatillon ITA"]
[Date "2001.09.23"]
[Round "9"]
[White "Lapienis, Donatas P."]
[Black "Chehlov, Aleksander"]
[Result "1-0"]
[WhiteElo "2311"]
[BlackElo "2267"]
[PlyCount "119"]
[EventDate "2001.09.15"]

1.d4 Nf6 2.c4 g6 3.Nf3 Bg7 4.g3 d6 5.Bg2 O-O 6.O-O Nbd7 7.Nc3 e5 8.e4 c6 
9.h3 Re8 10.Be3 exd4 11.Nxd4 Nc5 12.Qc2 a5 13.Rab1 Qe7 14.Rfe1 Bd7 15.Nb3 
Ne6 16.Rbd1 a4 17.Nd4 Nc5 18.f3 Bc8 19.Bf2 Nfd7 20.f4 Qd8 21.e5 dxe5 22.
Nxc6 bxc6 23.Bxc5 Qa5 24.Bf2 Re6 25.fxe5 Nxe5 26.Nxa4 Re8 27.b3 Bf5 28.Qd2
Qc7 29.g4 Be6 30.Qd6 Qa5 31.Qc5 Qxc5 32.Bxc5 Ra6 33.Bf2 h6 34.Bg3 Bc8 35.
Bxe5 Bxe5 36.Rxe5 Rxe5 37.Rd8+ Kg7 38.Rxc8 Re2 39.Bxc6 Ra7 40.Re8 Rxa2 41.
Bd5 Rd2 42.Re3 Kf6 43.Rf3+ Kg7 44.Nc5 Rb2 45.Rf2 Rb1+ 46.Kg2 Rc7 47.Ne4 
Rxb3 48.Nd6 Rb8 49.Nxf7 Re8 50.Nd6 Ree7 51.Nb5 Rc8 52.Nd4 Kh7 53.Ra2 Rf8 
54.Ra6 Rb8 55.Ra2 Rb1 56.Ne6 Re1 57.Ra6 g5 58.Kf2 Re5 59.Nf8+ Kg7 60.Rg6+ 
1-0

[Event "I C.to Europeo seniores"]
[Site "Saint Vincent - Chatillon ITA"]
[Date "2001.09.23"]
[Round "9"]
[White "Murey, Jacob I."]
[Black "Vucenovic, Dragomir"]
[Result "1-0"]
[WhiteElo "2480"]
[BlackElo "2275"]
[PlyCount "111"]
[EventDate "2001.09.15"]

1.d4 Nf6 2.c4 g6 3.Nc3 Bg7 4.e4 d6 5.f3 O-O 6.Be3 e5 7.Nge2 c6 8.Qd2 Re8 
9.d5 cxd5 10.cxd5 Nbd7 11.g4 h5 12.h3 a6 13.Bg5 Qb6 14.Ng3 Qd4 15.Qe2 Nf8 
16.Be3 Qb4 17.Rg1 h4 18.Nh1 Bd7 19.Qd2 Rac8 20.Nf2 Qa5 21.Bg5 N6h7 22.Bxh4
g5 23.Bg3 Ng6 24.Nd3 Nf4 25.Bf2 Nf8 26.Nd1 Qxd2+ 27.Kxd2 Nxd3 28.Bxd3 Ng6 
29.Ne3 Nf4 30.Rh1 Bf6 31.Nc4 Bb5 32.b3 Bd8 33.a4 Bxc4 34.Bxc4 Ba5+ 35.Kc2 
Bb4 36.a5 Kg7 37.Ra4 Bc5 38.Bxc5 Rxc5 39.Rb4 Rc7 40.Rb6 Rh8 41.Kb2 Kf8 42.
Bf1 Ke7 43.Rh2 Kd7 44.Rc2 Nxh3 45.Rc4 Ng1 46.Rcb4 Nxf3 47.Rxb7 Rh2+ 48.Ka3
Rc2 49.Bxa6 f6 50.Rxc7+ Rxc7 51.Rb8 Ra7 52.Rb6 Nd4 53.Ka4 Kc7 54.Bb5 Ra8 
55.Ra6 Rh8 56.Bc6 1-0

[Event "I C.to Europeo seniores"]
[Site "Saint Vincent - Chatillon ITA"]
[Date "2001.09.23"]
[Round "9"]
[White "Rahls, Peter"]
[Black "Lieb, Harald"]
[Result "1/2-1/2"]
[WhiteElo "2320"]
[BlackElo "2286"]
[PlyCount "24"]
[EventDate "2001.09.15"]

1.e4 e6 2.Nf3 d5 3.e5 c5 4.b4 b6 5.bxc5 bxc5 6.Nc3 Nc6 7.Bb5 Bd7 8.a4 a6 
9.Bxc6 Bxc6 10.O-O d4 11.Ne2 Ne7 12.Ng3 Nd5 1/2-1/2

[Event "I C.to Europeo seniores"]
[Site "Saint Vincent - Chatillon ITA"]
[Date "2001.09.23"]
[Round "9"]
[White "Taimanov, Mark E."]
[Black "Tatai, Stefano"]
[Result "1/2-1/2"]
[WhiteElo "2439"]
[BlackElo "2350"]
[PlyCount "20"]
[EventDate "2001.09.15"]

1.c4 g6 2.Nc3 Bg7 3.g3 c5 4.Bg2 Nc6 5.a3 d6 6.Rb1 a5 7.d3 e5 8.e3 Nge7 9.
Nge2 O-O 10.O-O Re8 1/2-1/2

[Event "I C.to Europeo seniores"]
[Site "Saint Vincent - Chatillon ITA"]
[Date "2001.09.23"]
[Round "9"]
[White "Vaisman, Volodia"]
[Black "Klovans, Janis"]
[Result "0-1"]
[WhiteElo "2398"]
[BlackElo "2446"]
[PlyCount "118"]
[EventDate "2001.09.15"]

1.d4 Nf6 2.Nf3 e6 3.Bg5 d5 4.Nbd2 c5 5.e3 Nbd7 6.c3 Be7 7.Bd3 b6 8.O-O O-O
9.Ne5 Nxe5 10.dxe5 Nd7 11.Bf4 f5 12.exf6 Nxf6 13.Be5 a5 14.Qe2 Bd7 15.h3 
Be8 16.Rad1 Bh5 17.g4 Bf7 18.f4 Nd7 19.Nf3 Nxe5 20.Nxe5 Bd6 21.Nf3 Kh8 22.
Rf2 Bg8 23.Rdf1 Qe7 24.Ne5 Qc7 25.Nf3 Rfe8 26.Bb5 Re7 27.a4 e5 28.f5 e4 
29.Nd2 d4 30.g5 Rf8 31.Nc4 Be5 32.f6 gxf6 33.gxf6 Bxf6 34.Kh1 Rg7 35.Rf4 
Be7 36.Rxf8 Bxf8 37.Qh2 Qd8 38.Nxb6 Qxb6 39.Rxf8 dxe3 40.Bc4 Qg6 41.Bxg8 
Rxg8 42.Qe5+ Qg7 43.Qxg7+ Kxg7 44.Rf4 Re8 45.Kg2 Re6 46.Rh4 Kg6 47.Rg4+ 
Kf5 48.Rh4 Rb6 49.Rh5+ Kf4 50.Rh4+ Kf5 51.Rh5+ Kg6 52.Rxc5 Rf6 53.Rc4 Rf4 
54.Kg3 e2 55.Kxf4 e1=Q 56.Rxe4 Qh4+ 57.Ke5 Qxh3 58.Kd4 Qd7+ 59.Ke3 h5 0-1

[Event "C.to Regionale Valle d'Aosta"]
[Site "Saint Vincent - Chatillon ITA"]
[Date "2001.09.15"]
[Round "1"]
[White "Quinto, Raffaele"]
[Black "Scotti, Umberto"]
[Result "0-1"]
[WhiteElo "1543"]
[BlackElo "2162"]
[PlyCount "58"]
[EventDate "2001.09.15"]

1.d4 e6 2.c4 f5 3.e3 Nf6 4.Bd3 d5 5.Nf3 c6 6.a3 Bd6 7.Bd2 a5 8.a4 O-O 9.
Bc3 Ne4 10.Qb3 Nd7 11.c5 Bc7 12.Nbd2 Rb8 13.Qa3 b6 14.Bxe4 fxe4 15.cxb6 
Bxb6 16.Ne5 Nxe5 17.dxe5 Ba6 18.Nb3 Qg5 19.Nc5 Bxc5 20.Qxc5 Qg4 21.f3 exf3
22.O-O-O f2 23.Qxc6 f1=Q 24.Rhxf1 Bxf1 25.Rd4 Qg6 26.g3 Rfc8 27.Qd6 Rxc3+ 
28.Kd2 Rxb2+ 29.Kxc3 Qc2# 0-1

[Event "C.to Regionale Valle d'Aosta"]
[Site "Saint Vincent - Chatillon ITA"]
[Date "2001.09.15"]
[Round "1"]
[White "Uhoda, Philippe"]
[Black "Catalano, Luigi"]
[Result "1-0"]
[WhiteElo "2205"]
[BlackElo "1570"]
[PlyCount "65"]
[EventDate "2001.09.15"]

1.d4 e6 2.c4 Be7 3.Nc3 Nf6 4.e4 O-O 5.e5 Ne8 6.Bd3 f5 7.exf6 Nxf6 8.Nf3 h6
9.Ne5 d6 10.Ng6 Re8 11.O-O Nbd7 12.Re1 Nf8 13.Nf4 c6 14.Qf3 Qc7 15.d5 e5 
16.Nh5 Bd8 17.Nxf6+ Bxf6 18.Bxh6 Re7 19.Ne4 Rf7 20.Qg3 Qe7 21.Nxf6+ Rxf6 
22.Bg5 c5 23.f4 Qf7 24.fxe5 dxe5 25.Bxf6 Qxf6 26.Rxe5 Bd7 27.Rf1 Qh6 28.
Qf3 g5 29.Qf7+ Kh8 30.Rf6 Qh4 31.Re7 Ne6 32.Rfxe6 Bxe6 33.Qg7# 1-0

[Event "C.to Regionale Valle d'Aosta"]
[Site "Saint Vincent - Chatillon ITA"]
[Date "2001.09.15"]
[Round "1"]
[White "Zito, Domenico"]
[Black "Aurel, Luc"]
[Result "0-1"]
[WhiteElo "1678"]
[BlackElo "2212"]
[PlyCount "92"]
[EventDate "2001.09.15"]

1.c4 e5 2.Nc3 d6 3.g3 g6 4.Bg2 Bg7 5.d3 f5 6.e3 Nh6 7.Nge2 Nd7 8.Rb1 O-O 
9.b4 Nf7 10.a4 a6 11.Bb2 c6 12.O-O Nf6 13.b5 axb5 14.axb5 Bd7 15.Qb3 Kh8 
16.Ra1 Rb8 17.Ra4 Ng5 18.b6 Ne6 19.d4 c5 20.Ra7 cxd4 21.exd4 exd4 22.Nd5 
Nc5 23.Qd1 Nxd5 24.Bxd5 Qxb6 25.Bxd4 Qxa7 26.Bxg7+ Kxg7 27.Qd4+ Rf6 28.Nf4
Re8 29.h4 Re5 30.Nd3 Rxd5 31.cxd5 Qa4 32.Qc3 Qb3 33.Qxb3 Nxb3 34.Rb1 Nc5 
35.Nxc5 dxc5 36.Rxb7 Rf7 37.Rc7 f4 38.Rxc5 f3 39.Rc7 Be6 40.d6 Rxc7 41.
dxc7 Kf6 42.Kf1 Ke5 43.Ke1 Kd6 44.Kd2 Kxc7 45.Ke3 Kd6 46.Kf4 h5 0-1

[Event "C.to Regionale Valle d'Aosta"]
[Site "Saint Vincent - Chatillon ITA"]
[Date "2001.09.16"]
[Round "2"]
[White "Aurel, Luc"]
[Black "Bozzali, Ermanno"]
[Result "0-1"]
[WhiteElo "2212"]
[BlackElo "2099"]
[PlyCount "98"]
[EventDate "2001.09.15"]

1.e4 c5 2.Nf3 d6 3.Bb5+ Bd7 4.Bxd7+ Qxd7 5.c4 Nc6 6.Nc3 g6 7.d4 cxd4 8.
Nxd4 Bg7 9.Be3 Nf6 10.f3 O-O 11.O-O e6 12.Qd2 Rfd8 13.Rfd1 d5 14.exd5 exd5
15.c5 Qe7 16.Bf2 Rd7 17.Rac1 Qf8 18.Ncb5 Ne8 19.Nxc6 bxc6 20.Nd4 Bxd4 21.
Bxd4 Ng7 22.b4 Qb8 23.Qb2 Ne6 24.a4 Nxd4 25.Qxd4 a6 26.Re1 Rb7 27.Rb1 Qd8 
28.Rb3 Rab8 29.Reb1 Re7 30.Re3 Rxe3 31.Qxe3 Qf6 32.Qd3 Qf4 33.Qxa6 Rxb4 
34.Rxb4 Qxb4 35.a5 Qxc5+ 36.Kf1 Qc1+ 37.Kf2 d4 38.Qc8+ Kg7 39.a6 Qe3+ 40.
Kg3 d3 41.Qd7 d2 42.a7 Qe1+ 43.Kh3 d1=Q 44.Qxd1 Qxd1 45.a8=Q Qd6 46.Qa1+ 
Qf6 47.Qc1 h5 48.Kg3 Qd6+ 49.f4 g5 0-1

[Event "C.to Regionale Valle d'Aosta"]
[Site "Saint Vincent - Chatillon ITA"]
[Date "2001.09.16"]
[Round "2"]
[White "Barlocco, Carlo"]
[Black "Yeuillaz, Corrado"]
[Result "1-0"]
[WhiteElo "2130"]
[BlackElo "2249"]
[PlyCount "103"]
[EventDate "2001.09.15"]

1.d4 e6 2.Nc3 d5 3.Nf3 Nf6 4.Bg5 Be7 5.e3 Nbd7 6.Bd3 O-O 7.O-O b6 8.a4 a6 
9.Ne5 Bb7 10.f4 Ne4 11.Bxe7 Qxe7 12.Bxe4 dxe4 13.Nxd7 Qxd7 14.Qh5 f5 15.
Qe2 a5 16.Qb5 Rfd8 17.Rfd1 Bc6 18.Qe5 Qf7 19.Rdb1 Rd7 20.b4 axb4 21.Rxb4 
Ra5 22.Qxa5 bxa5 23.Rb8+ Qf8 24.Rxf8+ Kxf8 25.Rb1 Rd8 26.Kf2 Ke7 27.Ke1 h6
28.Rb3 g5 29.g3 Kd7 30.Kf2 g4 31.Kg2 Ra8 32.h3 h5 33.hxg4 hxg4 34.Rb1 Ra6 
35.Kf2 Rb6 36.Rxb6 cxb6 37.Ke1 Kc7 38.Kd2 Kb7 39.Kc1 Kc7 40.Kb2 Kd6 41.Kb3
Bd5+ 42.Ka3 Bc4 43.Nd1 Kc6 44.Nb2 Ba6 45.Kb3 Kd5 46.c4+ Kd6 47.Nd1 Bb7 48.
Nc3 Bc6 49.Nb5+ Bxb5 50.axb5 Kc7 51.c5 Kb7 52.cxb6 1-0

[Event "C.to Regionale Valle d'Aosta"]
[Site "Saint Vincent - Chatillon ITA"]
[Date "2001.09.16"]
[Round "2"]
[White "Crea, Vincenzo"]
[Black "Uhoda, Philippe"]
[Result "0-1"]
[WhiteElo "2087"]
[BlackElo "2205"]
[PlyCount "78"]
[EventDate "2001.09.15"]

1.d4 Nf6 2.Nf3 g6 3.Bf4 Bg7 4.e3 d6 5.h3 O-O 6.Be2 b6 7.O-O Bb7 8.Nbd2 c5 
9.c3 Nbd7 10.a4 Qc7 11.Qb1 a6 12.Rd1 cxd4 13.exd4 Bc6 14.Re1 b5 15.a5 e5 
16.dxe5 dxe5 17.Bh2 Rfe8 18.Bf1 Rad8 19.Qc2 Nh5 20.c4 b4 21.Nd4 Nc5 22.
Nxc6 Qxc6 23.Nb3 f5 24.Rad1 Qa4 25.Rxd8 Rxd8 26.Na1 Qxa5 27.Rd1 f4 28.Nb3 
Nxb3 29.Qxb3 Rxd1 30.Qxd1 Qc5 31.Qa4 a5 32.Qd7 Bf8 33.Qe6+ Kg7 34.Qd7+ Be7
35.b3 Ng3 36.Bd3 e4 37.Be2 e3 38.Bxg3 fxg3 39.Kf1 exf2 0-1

[Event "C.to Regionale Valle d'Aosta"]
[Site "Saint Vincent - Chatillon ITA"]
[Date "2001.09.16"]
[Round "2"]
[White "Rossi, Luciano"]
[Black "Degembe, Pierre"]
[Result "0-1"]
[WhiteElo "1603"]
[BlackElo "2137"]
[PlyCount "70"]
[EventDate "2001.09.15"]

1.d4 Nf6 2.c4 g6 3.Nc3 Bg7 4.e4 d6 5.Nf3 O-O 6.Bd3 Nbd7 7.Qe2 e5 8.Bg5 h6 
9.Bh4 g5 10.Bg3 Nh5 11.O-O-O Nf4 12.Bxf4 exf4 13.e5 g4 14.Qe4 f5 15.Qd5+ 
Kh8 16.exd6 Nb6 17.Qc5 cxd6 18.Qb4 a5 19.Qa3 gxf3 20.gxf3 Bxd4 21.Nb5 Bc5 
22.Qb3 a4 23.Qc2 Qf6 24.a3 Bd7 25.Rhg1 Rac8 26.Nc3 Bc6 27.h4 Bxf3 28.Be2 
Bxe2 29.Nxe2 Bxf2 30.Nxf4 Be3+ 31.Rd2 Bxf4 32.h5 Rxc4 33.Rg6 Rxc2+ 34.Kxc2
Rc8+ 35.Kd3 Qe5 0-1

[Event "C.to Regionale Valle d'Aosta"]
[Site "Saint Vincent - Chatillon ITA"]
[Date "2001.09.16"]
[Round "2"]
[White "Scotti, Umberto"]
[Black "Andre, Damien"]
[Result "1/2-1/2"]
[WhiteElo "2162"]
[BlackElo "2029"]
[PlyCount "51"]
[EventDate "2001.09.15"]

1.d4 Nf6 2.Nf3 g6 3.Nbd2 d5 4.e3 Bg7 5.Bd3 O-O 6.O-O Nc6 7.c3 Re8 8.e4 
dxe4 9.Nxe4 e5 10.dxe5 Nxe5 11.Nxe5 Rxe5 12.Nxf6+ Qxf6 13.Be3 Rd5 14.Qe2 
Bf5 15.Bc4 Rd7 16.Rad1 a6 17.Rxd7 Bxd7 18.Bd4 Qg5 19.Bxg7 Kxg7 20.Re1 Re8 
21.Qd1 Rxe1+ 22.Qxe1 Bc6 23.Bf1 Qd5 24.b3 a5 25.Qe3 b6 26.f3 1/2-1/2

[Event "C.to Regionale Valle d'Aosta"]
[Site "Saint Vincent - Chatillon ITA"]
[Date "2001.09.17"]
[Round "3"]
[White "Andre, Damien"]
[Black "Aurel, Luc"]
[Result "1-0"]
[WhiteElo "2029"]
[BlackElo "2212"]
[PlyCount "123"]
[EventDate "2001.09.15"]

1.e4 d6 2.d4 g6 3.Nc3 c6 4.Bg5 Qb6 5.Qd2 Qxb2 6.Rb1 Qa3 7.Bc4 Qa5 8.Nge2 
Nf6 9.f4 b5 10.Bxf6 exf6 11.Nxb5 Qxd2+ 12.Kxd2 cxb5 13.Bd5 Bh6 14.Bxa8 O-O
15.g3 Bd7 16.Nc3 Na6 17.Nd5 Rxa8 18.Nxf6+ Kg7 19.Nxd7 Rd8 20.Rxb5 Rxd7 21.
Ra5 Nb8 22.Rb5 Nc6 23.Kd3 Kf8 24.d5 Nd8 25.Rhb1 g5 26.f5 Bg7 27.c4 Rc7 28.
a4 Ke7 29.a5 Kd7 30.a6 h5 31.Rb7 Be5 32.R1b5 h4 33.gxh4 gxh4 34.h3 Bh2 35.
Rxc7+ Kxc7 36.c5 dxc5 37.Rxc5+ Kd7 38.Rc2 Be5 39.Rg2 Bg3 40.Ke3 f6 41.Rb2 
Kc8 42.Rb1 Bb8 43.Kf3 Nf7 44.Kg4 Ng5 45.Rb4 Bg3 46.e5 Bxe5 47.Kxh4 Nf7 48.
Kh5 Ng5 49.h4 Nf3 50.Kg6 Bd6 51.Rc4+ Kd7 52.Kxf6 Be7+ 53.Kg7 Nxh4 54.f6 
Nf5+ 55.Kg6 Nd6 56.Rh4 Bxf6 57.Kxf6 Ne8+ 58.Ke5 Nc7 59.Rh7+ Kc8 60.Rxc7+ 
Kxc7 61.Ke6 Kd8 62.Kd6 1-0

[Event "C.to Regionale Valle d'Aosta"]
[Site "Saint Vincent - Chatillon ITA"]
[Date "2001.09.17"]
[Round "3"]
[White "De Santis, Alessio"]
[Black "Scotti, Umberto"]
[Result "1/2-1/2"]
[WhiteElo "2353"]
[BlackElo "2162"]
[PlyCount "60"]
[EventDate "2001.09.15"]

1.d4 d5 2.c4 c6 3.Nc3 Nf6 4.e3 e6 5.Nf3 Nbd7 6.Bd3 dxc4 7.Bxc4 b5 8.Bd3 a6
9.e4 c5 10.d5 Qc7 11.O-O c4 12.Bc2 Bc5 13.dxe6 fxe6 14.e5 Nxe5 15.Bf4 Bd6 
16.Bxe5 Bxe5 17.Nxe5 Qxe5 18.Re1 Qc7 19.Nd5 Nxd5 20.Qxd5 Ra7 21.Bf5 O-O 
22.Bxe6+ Bxe6 23.Rxe6 Qf7 24.f3 Rd7 25.Qe5 Rd2 26.Rxa6 Rxg2+ 27.Kxg2 Qxf3+
28.Kg1 Qf2+ 29.Kh1 Qf3+ 30.Kg1 Qf2+ 1/2-1/2

[Event "C.to Regionale Valle d'Aosta"]
[Site "Saint Vincent - Chatillon ITA"]
[Date "2001.09.17"]
[Round "3"]
[White "Degembe, Pierre"]
[Black "Bozzali, Ermanno"]
[Result "0-1"]
[WhiteElo "2137"]
[BlackElo "2099"]
[PlyCount "110"]
[EventDate "2001.09.15"]

1.c4 c5 2.g3 Nc6 3.Bg2 g6 4.e3 Bg7 5.Ne2 e6 6.Nbc3 Nge7 7.d4 cxd4 8.Nxd4 
Nxd4 9.exd4 d5 10.cxd5 Nxd5 11.Nxd5 exd5 12.O-O O-O 13.Qb3 Bxd4 14.Bxd5 
Qb6 15.Qxb6 Bxb6 16.Bh6 Rd8 17.Rfe1 Bf5 18.Bxb7 Rab8 19.Be4 Bxe4 20.Rxe4 
Bd4 21.Rb1 Rxb2 22.Rxb2 Bxb2 23.Be3 a6 24.Rb4 Be5 25.Rb6 Rd6 26.Rb8+ Kg7 
27.Ra8 Rc6 28.a4 Bc3 29.Kf1 a5 30.Ke2 Kf6 31.Kd3 h5 32.h3 Bb4 33.Bd4+ Ke6 
34.f3 Kd5 35.Rd8+ Rd6 36.Re8 Re6 37.Rxe6 fxe6 38.g4 e5 39.Be3 Be1 40.Bg1 
Bb4 41.Bf2 Be7 42.Be1 Bd8 43.Bd2 Bc7 44.Be1 Bb6 45.Bh4 Bc7 46.Bg5 Bb6 47.
Kc3 Bc7 48.Be3 Bd8 49.f4 Ke4 50.Kd2 exf4 51.Bg1 hxg4 52.hxg4 Kf3 53.g5 Kg4
54.Ke2 Kxg5 55.Kf3 Kf5 0-1

[Event "C.to Regionale Valle d'Aosta"]
[Site "Saint Vincent - Chatillon ITA"]
[Date "2001.09.17"]
[Round "3"]
[White "Uhoda, Philippe"]
[Black "Barlocco, Carlo"]
[Result "1-0"]
[WhiteElo "2205"]
[BlackElo "2130"]
[PlyCount "119"]
[EventDate "2001.09.15"]

1.d4 d5 2.c4 Bf5 3.cxd5 Bxb1 4.Qa4+ c6 5.Rxb1 Qxd5 6.Nf3 Nd7 7.b4 Ngf6 8.
e3 e6 9.Qb3 Qxb3 10.Rxb3 Bd6 11.Be2 O-O 12.O-O Rfd8 13.Bb2 Rac8 14.Rc1 Bb8
15.Ne1 e5 16.dxe5 Bxe5 17.Bxe5 Nxe5 18.f4 Ng6 19.g3 Rd2 20.Rc2 Rcd8 21.
Rbb2 Rxc2 22.Rxc2 Re8 23.Kf2 Ne7 24.Rb2 Ned5 25.Ng2 Nc3 26.Bf3 Rd8 27.Rc2 
Nfe4+ 28.Bxe4 Nxe4+ 29.Ke2 f5 30.Ne1 Kf7 31.Nd3 Ke6 32.Ne5 Rd5 33.g4 g6 
34.gxf5+ gxf5 35.Nf3 Rd7 36.Ng5+ Nxg5 37.fxg5 Rg7 38.h4 h6 39.gxh6 Rg4 40.
b5 cxb5 41.Rc7 Rxh4 42.h7 Kd5 43.Rxb7 a6 44.Rd7+ Kc5 45.Ra7 Kb6 46.Rf7 Ka5
47.Kd3 Kb4 48.Rd7 Rh1 49.Kd4 Rh3 50.Ke5 Rxe3+ 51.Kxf5 Rh3 52.Kg5 Ka5 53.
Kg6 Ka4 54.Rd4+ b4 55.Rd5 b3 56.axb3+ Kxb3 57.Ra5 Rg3+ 58.Kh6 Kb4 59.Rxa6 
Kb5 60.Rg6 1-0

[Event "C.to Regionale Valle d'Aosta"]
[Site "Saint Vincent - Chatillon ITA"]
[Date "2001.09.17"]
[Round "3"]
[White "Yeuillaz, Corrado"]
[Black "Rossi, Luciano"]
[Result "1-0"]
[WhiteElo "2249"]
[BlackElo "1603"]
[PlyCount "49"]
[EventDate "2001.09.15"]

1.e4 e5 2.Nf3 Nc6 3.Bb5 a6 4.Ba4 Nf6 5.O-O Bc5 6.c3 O-O 7.d4 exd4 8.cxd4 
b5 9.dxc5 bxa4 10.Nc3 h6 11.Qxa4 Re8 12.Bf4 Rb8 13.Qc2 Bb7 14.a3 Ng4 15.
Rad1 Nge5 16.Nxe5 Nxe5 17.Nd5 Qh4 18.Bg3 Qh5 19.Nxc7 Re7 20.Nd5 Re6 21.Nf4
Qg5 22.Nxe6 dxe6 23.c6 Rc8 24.cxb7 Rxc2 25.b8=Q+ 1-0

[Event "C.to Regionale Valle d'Aosta"]
[Site "Saint Vincent - Chatillon ITA"]
[Date "2001.09.18"]
[Round "4"]
[White "Barlocco, Carlo"]
[Black "Andre, Damien"]
[Result "1-0"]
[WhiteElo "2130"]
[BlackElo "2029"]
[PlyCount "157"]
[EventDate "2001.09.15"]

1.d4 Nf6 2.Nc3 d5 3.Bg5 Nbd7 4.Nf3 h6 5.Bh4 c6 6.e3 Qb6 7.a3 e6 8.Be2 Be7 
9.O-O O-O 10.b4 a5 11.Na4 Qc7 12.Bg3 Qd8 13.c3 Ne4 14.Qc2 b6 15.Nb2 Ba6 
16.Bxa6 Rxa6 17.Nd3 c5 18.dxc5 bxc5 19.b5 Ra8 20.a4 c4 21.Nde5 Bf6 22.Nc6 
Qb6 23.Be5 Nxe5 24.Nfxe5 Qc7 25.Nxc4 Nxc3 26.Nb2 Rfc8 27.Ra3 Ne4 28.Nd3 
Qd6 29.Rb3 Rc7 30.f3 Ng5 31.Rd1 Rac8 32.Qc5 Qd7 33.Nf4 Qe8 34.Ne2 Bd8 35.
Ned4 Nh7 36.Qc3 Nf6 37.Qd3 Nd7 38.Rc3 Nb6 39.Qc2 Nc4 40.Qb3 Rb7 41.Nxd8 
Rxd8 42.Nc6 Rc8 43.Qc2 Ra8 44.Nd4 Qe7 45.Nc6 Qg5 46.Qe2 Qf6 47.Rdc1 Nb6 
48.Qc2 g6 49.f4 Nc4 50.Qd3 Kh7 51.Qd4 Qxd4 52.exd4 Nb6 53.Ra1 Kg7 54.Ne5 
Raa7 55.Rc6 Kf6 56.Kf2 Kg7 57.Ke2 Kf6 58.Kd2 Kf5 59.Ke3 h5 60.g3 Ra8 61.h3
Rh8 62.Rxb6 Rxb6 63.g4+ hxg4 64.hxg4+ Kf6 65.Nd7+ Ke7 66.Nxb6 Rb8 67.Nxd5+
exd5 68.Rc1 Kd7 69.Rc5 Re8+ 70.Kd3 Kd6 71.Rc6+ Kd7 72.Rf6 Re7 73.g5 Kc7 
74.Ra6 Kb7 75.Rd6 Re4 76.Rd7+ Kb8 77.Rxf7 Re1 78.f5 gxf5 79.g6 1-0